[Event "Stuttgarter Stadtmeisterschaft C"]
[Site "Ditzingen"]
[Date "2015.05.14"]
[Round "2.12"]
[White "Hdya, Mohammad"]
[Black "Thomas, Leonhard"]
[Result "0-1"]
[WhiteElo "885"]
[BlackElo "1404"]
[PlyCount "64"]
[EventDate "2015.??.??"]
[WhiteTeam "SF Freiberg"]
[BlackTeam "SV Fellbach"]

1. e4 e5 2. Nf3 Nc6 3. Nc3 Bc5 4. Bc4 d6 5. d3 h6 6. Be3 Bb4 7. a3 Bxc3+ 8.
bxc3 Nf6 9. Bb5 Bd7 10. Rb1 O-O 11. c4 Na5 12. Bd2 Nc6 13. Nh4 Bg4 14. Nf3 Nd4
15. h3 Bxf3 16. gxf3 Nh5 17. Be3 Ne6 18. f4 Nhxf4 19. Rg1 Nxh3 20. Rg3 Nhf4 21.
Qg4 Qg5 22. Qf3 Qh5 23. Bxf4 Nxf4 24. Qe3 Qh1+ 25. Kd2 Qxb1 26. Qf3 Qb2 27. Qg4
g6 28. Qh4 Kg7 29. Bd7 Qxa3 30. Bf5 Qb4+ 31. Ke3 Qe1+ 32. Kf3 Qe2# 0-1

[Event "Stuttgarter Stadtmeisterschaft C"]
[Site "Ditzingen"]
[Date "2015.05.14"]
[Round "2.14"]
[White "Pranjic, Daniel"]
[Black "Richter, Gerrit"]
[Result "1-0"]
[WhiteElo "1273"]
[BlackElo "1104"]
[PlyCount "50"]
[EventDate "2015.??.??"]
[WhiteTeam "SG Ludwigsburg"]
[BlackTeam "TSV/RSK Esslingen"]

1. e4 c6 2. d4 d5 3. Nc3 dxe4 4. Nxe4 Bf5 5. Ng3 Bg6 6. h4 h6 7. h5 Bh7 8. Nf3
Nd7 9. Bc4 e6 10. O-O Ngf6 11. Re1 Be7 12. Ne5 Nxe5 13. dxe5 Qxd1 14. Rxd1 Bxc2
15. Rd2 Be4 16. exf6 Bxf6 17. Nxe4 Be5 18. Re2 O-O-O 19. Be3 Rd6 20. Nxd6+ Bxd6
21. Rd1 Be5 22. Bxa7 Bf4 23. b4 Rd8 24. Rxd8+ Kxd8 25. Bd4 b5 1-0

[Event "Stuttgarter Stadtmeisterschaft C"]
[Site "Ditzingen"]
[Date "2015.05.14"]
[Round "2.15"]
[White "Sloboda, Robert"]
[Black "Hilger, Herbert"]
[Result "1/2-1/2"]
[WhiteElo "1032"]
[BlackElo "1230"]
[PlyCount "77"]
[EventDate "2015.??.??"]
[WhiteTeam "SF Illingen"]
[BlackTeam "SV Stuttgart-Wolfbusch"]

1. e4 e5 2. Nf3 Nc6 3. Bb5 a6 4. Bxc6 dxc6 5. Nxe5 Qd4 6. Ng4 Qxe4+ 7. Ne3 Nf6
8. Nc3 Qe5 9. O-O Bd6 10. g3 O-O 11. d4 Qe6 12. Re1 Qh3 13. Qf3 Ng4 14. Nxg4
Bxg4 15. Qg2 Qxg2+ 16. Kxg2 Bf5 17. Re2 Rfe8 18. Be3 Re7 19. Rae1 Rae8 20. Nd1
Be4+ 21. Kg1 Bf3 22. Rd2 f5 23. Rf1 h6 24. c4 Re6 25. c5 Be7 26. Rd3 Be2 27.
Rb3 Bxf1 28. Kxf1 Rb8 29. Bf4 Bd8 30. Ne3 g5 31. Be5 b6 32. Nxf5 b5 33. Re3 Kf7
34. b4 Kg6 35. g4 Rc8 36. Rh3 Bf6 37. Rxh6+ Kf7 38. Rh7+ Kg8 39. Rh6 1/2-1/2

[Event "Stuttgarter Stadtmeisterschaft C"]
[Site "Ditzingen"]
[Date "2015.05.14"]
[Round "2.16"]
[White "Kobald, Jacqueline"]
[Black "Dimitrov, Leon"]
[Result "1-0"]
[WhiteElo "1372"]
[BlackElo "804"]
[PlyCount "71"]
[EventDate "2015.??.??"]
[WhiteTeam "SV Stuttgart-Wolfbusch"]
[BlackTeam "SF Freiberg"]

1. e4 e5 2. Nf3 Nc6 3. Bb5 Nf6 4. O-O Nxe4 5. Re1 Nd6 6. Bxc6 bxc6 7. Nxe5 Be7
8. d4 O-O 9. Nc3 Bf6 10. Qf3 Re8 11. Bd2 Ba6 12. Qg3 Rb8 13. b3 Bh4 14. Qg4 Qf6
15. g3 Bxg3 16. hxg3 Nb5 17. Nxd7 Rxe1+ 18. Rxe1 Qxd4 19. Qxd4 Nxd4 20. Nxb8
Nf3+ 21. Kg2 Nxe1+ 22. Bxe1 Bb7 23. Nd7 c5+ 24. f3 Bc6 25. Ne5 Bd5 26. Nxd5 f6
27. Nd7 Kf7 28. a4 Ke6 29. Nxc5+ Kxd5 30. Na6 Kc6 31. b4 Kb6 32. b5 g5 33. c4
c5 34. Nb8 h5 35. Nc6 a5 36. Bxa5+ 1-0

[Event "Stuttgarter Stadtmeisterschaft C"]
[Site "Ditzingen"]
[Date "2015.05.14"]
[Round "2.17"]
[White "Petersen, Bjarne"]
[Black "Kloos, Robin"]
[Result "1-0"]
[WhiteElo "1310"]
[BlackElo "986"]
[PlyCount "65"]
[EventDate "2015.??.??"]
[WhiteTeam "TSV/RSK Esslingen"]
[BlackTeam "Schach-Kids Bernhausen"]

1. d4 d5 2. c4 c5 3. dxc5 dxc4 4. Qxd8+ Kxd8 5. g3 e5 6. Be3 Na6 7. Na3 Be6 8.
Bg2 Rb8 9. Rc1 Bxc5 10. Bxc5 Nxc5 11. Nxc4 Rc8 12. Rd1+ Kc7 13. Nh3 Bxc4 14.
Rc1 Bxe2 15. Rxc5+ Kb8 16. Rxc8+ Kxc8 17. Kxe2 Nf6 18. Rc1+ Kb8 19. Ng5 Rf8 20.
Rc5 h6 21. Nf3 e4 22. Ne5 b6 23. Rc4 Re8 24. Nxf7 Re7 25. Nd6 Re6 26. Nxe4 Ng4
27. h3 Ne5 28. Rc3 Nc6 29. Kf1 Nb4 30. a3 Nd5 31. Rd3 Nc7 32. Rd8+ Kb7 33. Nc5#
1-0

[Event "Stuttgarter Stadtmeisterschaft C"]
[Site "Ditzingen"]
[Date "2015.05.14"]
[Round "2.18"]
[White "Bauersfeld, Jasmin"]
[Black "Fechner, Andreas"]
[Result "1/2-1/2"]
[WhiteElo "1206"]
[BlackElo "977"]
[PlyCount "38"]
[EventDate "2015.??.??"]
[WhiteTeam "SC WeiÃŸe Dame Ulm"]
[BlackTeam "SC Magstadt"]

1. e4 e5 2. c4 Nf6 3. Nc3 Bc5 4. g3 d6 5. Bg2 Bg4 6. Nge2 O-O 7. d3 h6 8. h3
Bh5 9. O-O Nc6 10. Kh2 Nd4 11. f4 exf4 12. Bxf4 Ne6 13. Qd2 Nxf4 14. Nxf4 Bd4
15. Nxh5 Nxh5 16. Rf5 Nf6 17. Raf1 Rc8 18. g4 g5 19. Kh1 Kg7 1/2-1/2

[Event "Stuttgarter Stadtmeisterschaft C"]
[Site "Ditzingen"]
[Date "2015.05.14"]
[Round "2.19"]
[White "Kiroglu, Cihan"]
[Black "Stecher, Oliver"]
[Result "0-1"]
[WhiteElo "941"]
[BlackElo "1153"]
[PlyCount "94"]
[EventDate "2015.??.??"]
[WhiteTeam "SG Schramberg-Lauterbach"]
[BlackTeam "SSV Zuffenhausen"]

1. e4 e5 2. c4 Nf6 3. Nc3 Bb4 4. Nf3 Bxc3 5. bxc3 Nxe4 6. Qe2 f5 7. Nxe5 d6 8.
Qh5+ g6 9. Nxg6 Nf6 10. Qe2+ Kf7 11. Nxh8+ Qxh8 12. d4 Bd7 13. Rb1 b6 14. d5
Na6 15. g3 Re8 16. Be3 Ng4 17. h3 Qxc3+ 18. Qd2 Nxe3 19. Qxc3 Nxd5+ 20. Kd2
Nxc3 21. Kxc3 Nc5 22. Bg2 Re2 23. Rb2 Na4+ 24. Kd3 Rxb2 25. Ke3 Nc3 26. Bf3
Rxa2 27. g4 Ra3 28. Kf4 Na4 29. g5 Rxf3+ 30. Kxf3 Bc6+ 31. Kf4 Bxh1 32. Kxf5
Nc5 33. f4 Bf3 34. h4 a5 35. h5 Bxh5 36. g6+ hxg6+ 37. Kg5 Ne6+ 38. Kh6 Nxf4
39. Kg5 Nd3 40. Kh6 a4 41. Kg5 a3 42. Kh6 a2 43. Kg5 Kg7 44. c5 bxc5 45. Kh4
a1=Q 46. Kg5 Qg1+ 47. Kh4 Qg4# 0-1

[Event "Stuttgarter Stadtmeisterschaft C"]
[Site "Ditzingen"]
[Date "2015.05.14"]
[Round "2.20"]
[White "Liu, Sijia Anna"]
[Black "Depping, Erwin"]
[Result "1-0"]
[WhiteElo "1145"]
[BlackElo "796"]
[PlyCount "41"]
[EventDate "2015.??.??"]
[WhiteTeam "SV Stuttgart-Wolfbusch"]
[BlackTeam "SG SchwÃ¤bisch GmÃ¼nd"]

1. e4 e5 2. Nf3 Nf6 3. Nxe5 d6 4. Nf3 Nc6 5. Nc3 g6 6. d4 Bg7 7. Bc4 O-O 8. O-O
Na5 9. Bb3 Nxb3 10. axb3 b6 11. Be3 a5 12. Qd2 Re8 13. e5 Ba6 14. exf6 Bxf1 15.
fxg7 Bxg2 16. Kxg2 Kxg7 17. Bh6+ Kg8 18. d5 Qd7 19. h3 c6 20. Qg5 b5 21. Qf6
1-0

[Event "Stuttgarter Stadtmeisterschaft C"]
[Site "Ditzingen"]
[Date "2015.05.14"]
[Round "2.21"]
[White "Jünk, Ellen"]
[Black "Kappler, Roswitha"]
[Result "1-0"]
[WhiteElo "1121"]
[BlackElo "759"]
[PlyCount "65"]
[EventDate "2015.??.??"]
[WhiteTeam "SC Leinzell"]
[BlackTeam "SG Fasanenhof"]

1. e4 e5 2. Nf3 Nc6 3. d4 Bd6 4. Bb5 f6 5. Nc3 a6 6. Bd3 exd4 7. Ne2 Ne5 8.
Nexd4 Nxd3+ 9. Qxd3 Ne7 10. O-O O-O 11. Re1 Ng6 12. Nf5 Nf4 13. Qc4+ Ne6 14.
Nxd6 cxd6 15. Bf4 b5 16. Qd5 Bb7 17. Qxd6 Nxf4 18. Qxf4 Rc8 19. c3 Qe8 20. Re3
Qg6 21. Nh4 Qh5 22. Qg3 g5 23. Nf5 Qf7 24. Nh6+ Kg7 25. Nxf7 Rxf7 26. Re2 Re8
27. e5 Kf8 28. Rae1 Rc8 29. exf6 Rxf6 30. Qxg5 h6 31. Qxf6+ Kg8 32. Re8+ Rxe8
33. Rxe8+ 1-0

[Event "Stuttgarter Stadtmeisterschaft C"]
[Site "Ditzingen"]
[Date "2015.05.14"]
[Round "2.24"]
[White "Richter, Michael"]
[Black "Herbst, Karin"]
[Result "0-1"]
[WhiteElo "983"]
[BlackElo "1350"]
[PlyCount "42"]
[EventDate "2015.??.??"]
[WhiteTeam "TSV/RSK Esslingen"]
[BlackTeam "SG Fasanenhof"]

1. d4 c6 2. e4 d5 3. e5 Bf5 4. Nf3 e6 5. Bd3 Bxd3 6. Qxd3 Ne7 7. O-O Ng6 8. Be3
Nd7 9. c4 Be7 10. Nc3 dxc4 11. Qxc4 Nb6 12. Qb3 O-O 13. a4 a5 14. Ne4 Rb8 15.
Rac1 Nd5 16. Qc2 Qd7 17. b3 Rfc8 18. Bd2 b6 19. Bf4 Ndxf4 20. Qc4 b5 21. Qc3
Ne2+ 0-1

[Event "Stuttgarter Stadtmeisterschaft C"]
[Site "Ditzingen"]
[Date "2015.05.15"]
[Round "3.1"]
[White "Kermer, Jan"]
[Black "Schranz, Patrick"]
[Result "1/2-1/2"]
[WhiteElo "1321"]
[BlackElo "1493"]
[PlyCount "50"]
[EventDate "2015.??.??"]
[WhiteTeam "SV Dettingen Erms"]
[BlackTeam "SC Feuerbach"]

1. b3 e5 2. Bb2 Nc6 3. e3 Nf6 4. Bb5 d6 5. Bxc6+ bxc6 6. Ne2 g6 7. f4 exf4 8.
Nxf4 Bg4 9. Qc1 Bg7 10. O-O O-O 11. Nc3 d5 12. Nd1 c5 13. d3 d4 14. e4 Bh6 15.
Ne6 Bxc1 16. Nxd8 Bxb2 17. Nxb2 Nxe4 18. Nxf7 Be2 19. Nh6+ Kg7 20. Rxf8 Rxf8
21. dxe4 Kxh6 22. Re1 Bb5 23. Nd3 c4 24. Nc5 cxb3 25. axb3 Re8 1/2-1/2

[Event "Stuttgarter Stadtmeisterschaft C"]
[Site "Ditzingen"]
[Date "2015.05.15"]
[Round "3.2"]
[White "Afonso, Nils"]
[Black "Liu, Jie"]
[Result "1-0"]
[WhiteElo "1437"]
[BlackElo "1316"]
[PlyCount "147"]
[EventDate "2015.??.??"]
[WhiteTeam "SF Kornwestheim"]
[BlackTeam "SV Stuttgart-Wolfbusch"]

1. d4 Nf6 2. c4 e6 3. Nc3 Bb4 4. Bg5 d5 5. e3 c6 6. Rc1 Nbd7 7. a3 Be7 8. cxd5
Nxd5 9. Bxe7 Nxe7 10. Bd3 e5 11. Qc2 exd4 12. exd4 Nf6 13. Nge2 O-O 14. O-O Qc7
15. h3 Be6 16. Ne4 Ned5 17. N2c3 Qe7 18. Rfd1 Rfc8 19. Qb1 a5 20. Nxd5 Bxd5 21.
Nxf6+ Qxf6 22. Bxh7+ Kf8 23. Be4 Bxe4 24. Qxe4 Re8 25. Qd3 Rad8 26. Kf1 Rd5 27.
Qh7 g6 28. Qh6+ Qg7 29. Qxg7+ Kxg7 30. Rc5 Re4 31. Rxd5 cxd5 32. f3 Re6 33. Kf2
a4 34. Rc1 Rb6 35. Rc2 Rb3 36. Ke2 Kf6 37. Kf2 Kg5 38. Rd2 f5 39. g3 f4 40. h4+
Kh5 41. gxf4 Kxh4 42. Kg2 b5 43. Rf2 b4 44. axb4 Rxb4 45. Rd2 Rb3 46. Kf2 Kh3
47. Rc2 a3 48. bxa3 Rxa3 49. Rd2 Rb3 50. Ke2 Kg3 51. Rd1 Kxf4 52. Rf1 Re3+ 53.
Kd2 Rxf3 54. Re1 Kg4 55. Re5 Rf5 56. Kd3 Kf4 57. Re1 Kf3 58. Rg1 g5 59. Rf1+
Kg4 60. Rg1+ Kh3 61. Rh1+ Kg2 62. Rh7 g4 63. Ke2 Rf4 64. Ke3 Re4+ 65. Kd3 Rf4
66. Rg7 g3 67. Ke3 Rf2 68. Rg5 Kh2 69. Rxd5 Kh1 70. Rh5+ Kg2 71. Rg5 Kh2 72.
Ke4 g2 73. Rh5+ Kg1 74. Rg5 {ZeitÃ1/4berschreitung} 1-0

[Event "Stuttgarter Stadtmeisterschaft C"]
[Site "Ditzingen"]
[Date "2015.05.15"]
[Round "3.3"]
[White "Meißner, Mogens"]
[Black "Jelisavac, Nenad"]
[Result "1/2-1/2"]
[WhiteElo "1313"]
[BlackElo "1336"]
[PlyCount "48"]
[EventDate "2015.??.??"]
[WhiteTeam "SK Bietigheim-Bissingen"]
[BlackTeam "Matt Inn"]

1. e4 e5 2. Nf3 Nc6 3. Bc4 Nf6 4. Ng5 d5 5. exd5 Nxd5 6. Nxf7 Kxf7 7. Qf3+ Ke6
8. Nc3 Nd4 9. Qxd5+ Qxd5 10. Bxd5+ Kd6 11. Bb3 Be6 12. O-O Bf5 13. d3 Be7 14.
Ne4+ Kd7 15. c3 Nc6 16. Be3 a6 17. Rfd1 Rad8 18. Nc5+ Kc8 19. Rd2 Bxc5 20. Bxc5
Rxd3 21. Rxd3 Bxd3 22. Rd1 Bg6 23. h3 Rd8 24. Rxd8+ Nxd8 1/2-1/2

[Event "Stuttgarter Stadtmeisterschaft C"]
[Site "Ditzingen"]
[Date "2015.05.15"]
[Round "3.4"]
[White "Dietrich, Malte"]
[Black "Reichardt, Felix  Alexander"]
[Result "1-0"]
[WhiteElo "1165"]
[BlackElo "1482"]
[PlyCount "53"]
[EventDate "2015.??.??"]
[WhiteTeam "Rochade Metzingen"]
[BlackTeam "SF MarkgrÃ¤flerland"]

1. d4 e6 2. c4 d5 3. Nc3 c5 4. e3 Nc6 5. Nf3 Nf6 6. b3 b6 7. Bb2 Ba6 8. Bd3 Nb4
9. O-O Nxd3 10. Qxd3 Bb7 11. Rad1 Ne4 12. Ne5 Nxc3 13. Bxc3 dxc4 14. Qxc4 Bd5
15. Qb5+ Ke7 16. dxc5 bxc5 17. Qxc5+ Ke8 18. Qb5+ Ke7 19. Bb4+ Kf6 20. Ng4+ Kf5
21. e4+ Kg6 22. exd5 exd5 23. Qd3+ Kg5 24. Bd2+ Kxg4 25. h3+ Kh4 26. Qg3+ Kh5
27. Qg4# 1-0

[Event "Stuttgarter Stadtmeisterschaft C"]
[Site "Ditzingen"]
[Date "2015.05.15"]
[Round "3.5"]
[White "Überreiter, Daniel"]
[Black "Jüttner, Dennis"]
[Result "0-1"]
[WhiteElo "1459"]
[BlackElo "1256"]
[PlyCount "64"]
[EventDate "2015.??.??"]
[WhiteTeam "SC WeiÃŸe Dame Ulm"]
[BlackTeam "SpVgg Rommelshausen"]

1. e4 e6 2. d4 d5 3. Nc3 c5 4. exd5 exd5 5. dxc5 d4 6. Ne4 Nf6 7. Bg5 Qd5 8.
Nxf6+ gxf6 9. Bxf6 Rg8 10. Qxd4 Qxd4 11. Bxd4 Nc6 12. Bb5 Bd7 13. O-O-O O-O-O
14. Nf3 Rxg2 15. Rhe1 Nxd4 16. Bxd7+ Rxd7 17. Re8+ Rd8 18. Rxd8+ Kxd8 19. Rxd4+
Kc7 20. Ne5 Bxc5 21. Rd7+ Kb6 22. Rxf7 Bxf2 23. Rxh7 Be3+ 24. Kd1 Rd2+ 25. Ke1
Rxc2 26. Kd1 Rd2+ 27. Ke1 Rc2 28. Kd1 Rc1+ 29. Ke2 Bf4 30. Nd3 Rc2+ 31. Kd1
Rd2+ 32. Ke1 Rxd3 0-1

[Event "Stuttgarter Stadtmeisterschaft C"]
[Site "Ditzingen"]
[Date "2015.05.15"]
[Round "3.6"]
[White "Thomas, Leonhard"]
[Black "Hrsak, Marco"]
[Result "1/2-1/2"]
[WhiteElo "1404"]
[BlackElo "1256"]
[PlyCount "66"]
[EventDate "2015.??.??"]
[WhiteTeam "SV Fellbach"]
[BlackTeam "SC Kirchheim/Teck"]

1. e4 c6 2. Nc3 d5 3. d4 dxe4 4. Nxe4 Bf5 5. Ng3 Bg6 6. Be3 Nf6 7. Bd3 e6 8. h3
Bd6 9. N1e2 Nd5 10. Bxg6 hxg6 11. Bd2 Bxg3 12. Nxg3 Qb6 13. Bc1 Nd7 14. c3
O-O-O 15. Qb3 Rhe8 16. Qxb6 N7xb6 17. O-O e5 18. Be3 Nc4 19. dxe5 Rxe5 20. Bd4
Re7 21. b3 Ncb6 22. Rad1 f6 23. c4 Nf4 24. Bxb6 axb6 25. Rxd8+ Kxd8 26. Rd1+
Kc7 27. Kf1 Re8 28. Rd2 f5 29. Ne2 Nxe2 30. Rxe2 Rxe2 31. Kxe2 Kd6 32. Kd3 Kc5
33. Kc3 g5 1/2-1/2

[Event "Stuttgarter Stadtmeisterschaft C"]
[Site "Ditzingen"]
[Date "2015.05.15"]
[Round "3.8"]
[White "Barna, Janos"]
[Black "Hauger, Albrecht"]
[Result "1-0"]
[WhiteElo "1280"]
[BlackElo "1452"]
[PlyCount "77"]
[EventDate "2015.??.??"]
[WhiteTeam "SC Leinfelden"]
[BlackTeam "SC Magstadt"]

1. e4 c5 2. Nf3 d6 3. d4 cxd4 4. Nxd4 Nc6 5. c3 a6 6. Be3 Nf6 7. Be2 Nxe4 8.
Bf3 d5 9. Nxc6 bxc6 10. Bxe4 dxe4 11. Qxd8+ Kxd8 12. O-O Bd7 13. Bb6+ Ke8 14.
a4 Rb8 15. a5 e6 16. b4 Be7 17. Nd2 Bd8 18. Bd4 f6 19. Nxe4 Be7 20. f4 Kf7 21.
Rad1 Bc8 22. h3 Rd8 23. g4 h6 24. Ba7 Rb7 25. Rxd8 Bxd8 26. Nd6+ Ke7 27. Nxb7
Bxb7 28. Rd1 Bc7 29. Bc5+ Ke8 30. Be3 Bc8 31. Kf2 e5 32. Kf3 Bb7 33. Bc5 Bc8
34. fxe5 Bxe5 35. Re1 Kd7 36. Rd1+ Kc7 37. Bb6+ Kb7 38. Bd4 Bc7 39. Re1 1-0

[Event "Stuttgarter Stadtmeisterschaft C"]
[Site "Ditzingen"]
[Date "2015.05.15"]
[Round "3.9"]
[White "Jünk, Ellen"]
[Black "Reuß, Tobias"]
[Result "0-1"]
[WhiteElo "1121"]
[BlackElo "1468"]
[PlyCount "62"]
[EventDate "2015.??.??"]
[WhiteTeam "SC Leinzell"]
[BlackTeam "SV Besigheim"]

1. e4 e5 2. Nf3 Nf6 3. Nc3 Bb4 4. d3 Bxc3+ 5. bxc3 d6 6. Bg5 h6 7. Bh4 g5 8.
Bg3 Be6 9. Qe2 Nfd7 10. d4 f6 11. Qe3 Rh7 12. d5 Bf7 13. Be2 Bg6 14. Bd3 Rf7
15. Rb1 Nc5 16. O-O Nbd7 17. Nd2 Qe7 18. Rb2 f5 19. Re1 f4 20. Bxf4 gxf4 21.
Qe2 Rg7 22. Nb3 Qg5 23. g3 fxg3 24. fxg3 a6 25. Rf1 h5 26. Nxc5 Nxc5 27. c4 h4
28. Qf2 O-O-O 29. Kh1 hxg3 30. Qxg3 Qxg3 31. hxg3 Bxe4+ 0-1

[Event "Stuttgarter Stadtmeisterschaft C"]
[Site "Ditzingen"]
[Date "2015.05.15"]
[Round "3.10"]
[White "R, Bernd"]
[Black "Winterkorn, Nikolaus"]
[Result "0-1"]
[WhiteElo "1140"]
[BlackElo "1414"]
[PlyCount "38"]
[EventDate "2015.??.??"]
[WhiteTeam "SV Fellbach"]
[BlackTeam "DJK Sportbund Stgt."]

1. e4 d6 2. d4 Nf6 3. Nc3 e6 4. Bg5 Be7 5. Bxf6 Bxf6 6. Nf3 Nd7 7. Bd3 c5 8. d5
Bxc3+ 9. bxc3 e5 10. Bb5 a6 11. Bxd7+ Bxd7 12. h3 Bb5 13. Rb1 Qa5 14. Qd2 Qxa2
15. Rc1 Qc4 16. Qe3 a5 17. Kd2 O-O 18. Rb1 f5 19. Qd3 fxe4 0-1

[Event "Stuttgarter Stadtmeisterschaft C"]
[Site "Ditzingen"]
[Date "2015.05.15"]
[Round "3.11"]
[White "Eid, Sami"]
[Black "Kobald, Jacqueline"]
[Result "0-1"]
[WhiteElo "920"]
[BlackElo "1372"]
[PlyCount "50"]
[EventDate "2015.??.??"]
[WhiteTeam "SF Freiberg"]
[BlackTeam "SV Stuttgart-Wolfbusch"]

1. e4 c5 2. Nc3 g6 3. Bc4 Bg7 4. Nf3 Nc6 5. d3 e6 6. Bd2 Nge7 7. O-O O-O 8. Qe2
a6 9. a4 b6 10. Qd1 Bb7 11. b3 Qc7 12. Qc1 Rfe8 13. Ra2 Nb4 14. Rb2 d5 15. exd5
exd5 16. Bf4 Qd8 17. Be5 dxc4 18. dxc4 Nf5 19. Bxg7 Kxg7 20. Qf4 Qd6 21. Qc1
Nd4 22. Nxd4 Qxd4 23. Na2 Qg4 24. g3 Qf3 25. Nxb4 Qh1# 0-1

[Event "Stuttgarter Stadtmeisterschaft C"]
[Site "Ditzingen"]
[Date "2015.05.15"]
[Round "3.12"]
[White "Günther, Niclas"]
[Black "Petersen, Bjarne"]
[Result "1-0"]
[WhiteElo "996"]
[BlackElo "1310"]
[PlyCount "65"]
[EventDate "2015.??.??"]
[WhiteTeam "SF Freiberg"]
[BlackTeam "TSV/RSK Esslingen"]

1. e4 c6 2. d4 d5 3. e5 Bf5 4. Nf3 f6 5. Bf4 fxe5 6. Bxe5 Nd7 7. Nc3 e6 8. Bd3
Bb4 9. Bxg7 Bxc3+ 10. bxc3 Qe7 11. Bxh8 O-O-O 12. Be5 Rf8 13. O-O Bg4 14. h3
Bxf3 15. gxf3 c5 16. c4 Qg5+ 17. Bg3 h5 18. h4 Qg7 19. c3 Rf4 20. dxc5 Nxc5 21.
Be2 Rxh4 22. cxd5 Rh3 23. Kg2 Rxg3+ 24. fxg3 h4 25. g4 Qe5 26. Qe1 Na4 27. Rc1
Nf6 28. Qxh4 Qxe2+ 29. Rf2 Qe5 30. Qh8+ Kc7 31. Qg7+ Kd6 32. Qxb7 Nxg4 33. Qb8+
1-0

[Event "Stuttgarter Stadtmeisterschaft C"]
[Site "Ditzingen"]
[Date "2015.05.15"]
[Round "3.13"]
[White "Milarch, Harald"]
[Black "Hammann, Peter"]
[Result "1-0"]
[WhiteElo "1269"]
[BlackElo "989"]
[PlyCount "21"]
[EventDate "2015.??.??"]
[WhiteTeam "SC Botnang"]
[BlackTeam "Rochade Metzingen"]

1. e4 e5 2. f4 exf4 3. Nf3 d6 4. d4 Bg4 5. Bxf4 Bxf3 6. Qxf3 Be7 7. Bc4 f6 8.
Bxg8 Rxg8 9. Qh5+ Kf8 10. Qxh7 Nd7 11. Nc3 1-0

[Event "Stuttgarter Stadtmeisterschaft C"]
[Site "Ditzingen"]
[Date "2015.05.15"]
[Round "3.18"]
[White "Dimitrov, Leon"]
[Black "Bauersfeld, Jasmin"]
[Result "1/2-1/2"]
[WhiteElo "804"]
[BlackElo "1206"]
[PlyCount "40"]
[EventDate "2015.??.??"]
[WhiteTeam "SF Freiberg"]
[BlackTeam "SC WeiÃŸe Dame Ulm"]

1. e4 d6 2. Nf3 Nf6 3. Nc3 g6 4. Bc4 Bg7 5. O-O Bg4 6. d3 Nbd7 7. Bf4 O-O 8. h3
Bxf3 9. Qxf3 e5 10. Bg5 h6 11. Bxf6 Nxf6 12. Nd5 Nxd5 13. Bxd5 c6 14. Bc4 b5
15. Bb3 a5 16. c4 b4 17. Ba4 Rc8 18. a3 Qb6 19. Rac1 f5 20. Qg3 Kh7 1/2-1/2

[Event "Stuttgarter Stadtmeisterschaft C"]
[Site "Ditzingen"]
[Date "2015.05.15"]
[Round "3.19"]
[White "Richter, Gerrit"]
[Black "Hdya, Mohammad"]
[Result "1-0"]
[WhiteElo "1104"]
[BlackElo "885"]
[PlyCount "45"]
[EventDate "2015.??.??"]
[WhiteTeam "TSV/RSK Esslingen"]
[BlackTeam "SF Freiberg"]

1. e4 e5 2. Nf3 Nc6 3. Bb5 a6 4. Ba4 Nf6 5. O-O Bc5 6. Nxe5 Nxe5 7. d4 Bxd4 8.
Qxd4 Nc6 9. Bxc6 bxc6 10. Bg5 d6 11. e5 c5 12. Qa4+ Bd7 13. Qh4 dxe5 14. Nc3
Rb8 15. b3 Rb4 16. Ne4 Bf5 17. Rad1 Qe7 18. Rfe1 Qe6 19. Nxc5 Qc6 20. Qxb4 Bxc2
21. Rxe5+ Kf8 22. Nd7+ Kg8 23. Qf8# 1-0

[Event "Stuttgarter Stadtmeisterschaft C"]
[Site "Ditzingen"]
[Date "2015.05.15"]
[Round "3.21"]
[White "Depping, Erwin"]
[Black "Aydin, Sami"]
[Result "1-0"]
[WhiteElo "796"]
[BlackElo "1064"]
[PlyCount "43"]
[EventDate "2015.??.??"]
[WhiteTeam "SG SchwÃ¤bisch GmÃ¼nd"]
[BlackTeam "SF Freiberg"]

1. e4 e5 2. Nf3 Nc6 3. Bc4 Nf6 4. d4 exd4 5. Nxd4 Nxe4 6. Nxc6 Qf6 7. Be3 Qxc6
8. O-O Qxc4 9. Nd2 Nxd2 10. Qxd2 b6 11. Bg5 f6 12. Rfe1+ Be7 13. Qe3 Qe6 14.
Qc3 Qf7 15. Bf4 c5 16. Bd6 Qg6 17. Rxe7+ Kd8 18. Qf3 Rb8 19. Bxb8 Kxe7 20. Re1+
Kf7 21. Qd5+ Kf8 22. Bd6# 1-0

[Event "Stuttgarter Stadtmeisterschaft C"]
[Site "Ditzingen"]
[Date "2015.05.15"]
[Round "3.22"]
[White "Friedl, Bastian"]
[Black "Richter, Michael"]
[Result "1-0"]
[WhiteElo "1055"]
[BlackElo "983"]
[PlyCount "107"]
[EventDate "2015.??.??"]
[WhiteTeam "SF Freiberg"]
[BlackTeam "TSV/RSK Esslingen"]

1. e4 c6 2. d4 d5 3. e5 Bf5 4. Bd3 Bxd3 5. Qxd3 e6 6. a3 Be7 7. Nc3 Nd7 8. Nf3
Nh6 9. Bf4 Nf5 10. O-O-O Nb6 11. Nd2 Nd7 12. Nf3 c5 13. g3 Rc8 14. h4 Rc6 15.
Rde1 a6 16. Qd2 Qb8 17. Qd3 b5 18. Na2 Qb6 19. Kb1 Qa5 20. c3 Qb6 21. Rd1 a5
22. Rc1 b4 23. cxb4 axb4 24. axb4 cxb4 25. Rxc6 Qxc6 26. Rc1 Qb7 27. Bg5 O-O
28. Bxe7 Nxe7 29. g4 Ra8 30. Ng5 g6 31. Qf3 Rf8 32. h5 Qb6 33. hxg6 fxg6 34.
Qh3 Rf7 35. Nxf7 Kxf7 36. Qxh7+ Ke8 37. Rd1 Qb5 38. Qh3 Qe2 39. Rf1 Nb6 40. b3
Qe4+ 41. Kc1 Qxd4 42. Qe3 Qxg4 43. Qxb6 Qf4+ 44. Kd1 Qf3+ 45. Kc1 Qe2 46. Qb8+
Kf7 47. Rh1 g5 48. Nxb4 Qxf2 49. Rh7+ Kg6 50. Qh8 Qf4+ 51. Kb2 Qd2+ 52. Nc2 Nc6
53. Rh2 Qf4 54. Qh7# 1-0

[Event "Stuttgarter Stadtmeisterschaft C"]
[Site "Ditzingen"]
[Date "2015.05.15"]
[Round "3.23"]
[White "Kloos, Robin"]
[Black "Kiroglu, Cihan"]
[Result "0-1"]
[WhiteElo "986"]
[BlackElo "941"]
[PlyCount "152"]
[EventDate "2015.??.??"]
[WhiteTeam "Schach-Kids Bernhausen"]
[BlackTeam "SG Schramberg-Lauterbach"]

1. e4 e5 2. Nf3 d6 3. Nc3 c5 4. d3 Nc6 5. Bg5 Qb6 6. Rb1 h6 7. Nd5 Qa5+ 8. Bd2
Qxa2 9. Nc7+ Kd8 10. Nxa8 Be7 11. b3 Nb4 12. Bxb4 cxb4 13. Qc1 Qa5 14. Ra1 Qc5
15. Qd2 Nf6 16. d4 exd4 17. Nxd4 Nxe4 18. Qd3 Qe5 19. Nf3 Qxa1+ 20. Ke2 Nc3+
21. Ke3 Re8 22. Nd2 Bg5+ 23. Kd4 Ne4+ 24. Kc4 Qc3+ 25. Qxc3 bxc3 26. Nxe4 Rxe4+
27. Kxc3 Be6 28. Bd3 Bf6+ 29. Kd2 Re5 30. Ra1 Re2+ 31. Bxe2 Bxa1 32. Bf3 Kc8
33. c3 Kb8 34. h4 Kxa8 35. Kc2 Kb8 36. g3 Bf5+ 37. Kd2 g5 38. Bd5 f6 39. f4
gxf4 40. gxf4 Kc7 41. b4 Kb6 42. Bc4 Bb2 43. Be2 a5 44. Bc4 a4 45. Be2 a3 46.
Bc4 Bb1 47. Bb3 a2 48. Bxa2 Bxa2 49. Kc2 Ba1 50. Kd2 Kb5 51. Kd3 h5 52. f5 d5
53. Kd4 b6 54. Kd3 Bb3 55. Kd4 Ba2 56. Kd3 Bxc3 57. Kxc3 Bb1 58. Kd4 Bxf5 59.
Kxd5 Bg4 60. Ke4 Kxb4 61. Ke3 Kc4 62. Kd2 f5 63. Ke1 b5 64. Kd2 f4 65. Ke1 b4
66. Kd2 f3 67. Ke1 b3 68. Kd2 f2 69. Ke3 f1=Q 70. Ke4 b2 71. Ke5 Qf5+ 72. Kd6
b1=Q 73. Ke7 Kd3 74. Kd6 Qa5 75. Kc6 Qf1 76. Kd6 Qf6# 0-1

[Event "Stuttgarter Stadtmeisterschaft C"]
[Site "Ditzingen"]
[Date "2015.05.15"]
[Round "3.24"]
[White "Herbst, Karin"]
[Black "Sloboda, Robert"]
[Result "1-0"]
[WhiteElo "1350"]
[BlackElo "1032"]
[PlyCount "65"]
[EventDate "2015.??.??"]
[WhiteTeam "SG Fasanenhof"]
[BlackTeam "SF Illingen"]

1. c4 e5 2. Nc3 d6 3. Nf3 Nf6 4. e4 Nc6 5. d4 exd4 6. Nxd4 Nxd4 7. Qxd4 c5 8.
Qd1 Be7 9. Be2 O-O 10. O-O Bd7 11. Bf4 Bc6 12. Qc2 Re8 13. Rfd1 Qc8 14. Bxd6
Bxd6 15. Rxd6 Nxe4 16. Nxe4 Bxe4 17. Qd2 Bc6 18. Rd1 Qc7 19. Bf3 Bxf3 20. gxf3
b6 21. Qd5 Qc8 22. Rd7 Rf8 23. Re1 Qxd7 24. Qxd7 Rfd8 25. Qf5 Rd4 26. Re7 Rf8
27. b3 a5 28. Kg2 a4 29. Rb7 a3 30. Rxb6 Rd2 31. Ra6 Rxa2 32. Qxc5 g6 33. Rxa3
1-0